| 000 | 00934nam a2200313 a 4500 | ||
|---|---|---|---|
| 001 | 4316066 | ||
| 003 | SISC | ||
| 005 | 20160204080541.0 | ||
| 008 | 881013s1988 maua b 001 0 eng | ||
| 010 | _a 87080263 | ||
| 020 | _a039535952X (pbk.) | ||
| 040 |
_aDLC _cDLC _dDLC |
||
| 042 | _alcac | ||
| 043 | _an-us--- | ||
| 050 | 0 | 0 |
_aE 178.1 _b.P4 1988 |
| 082 | 0 | 0 |
_aHS 973 _bN825 1988 |
| 245 | 0 | 2 |
_aA People and a nation : _ba history of the United States / _cMary Beth Norton ... [et al.]. |
| 250 | _aBrief ed., 2nd ed. | ||
| 260 |
_aBoston : _bHoughton Mifflin Co., _cc1988. |
||
| 300 |
_a611 p. : _bill. (some col.) ; _c24 cm. |
||
| 500 | _aIncludes index. | ||
| 651 | 0 |
_aUnited States _xHistory. _915160 |
|
| 651 | 1 |
_aUnited States _xHistory. _915161 |
|
| 700 | 1 |
_aNorton, Mary Beth. _915162 |
|
| 740 | 0 | _aPeople & a nation. | |
| 906 |
_a7 _bcbc _corignew _d3 _eopcn _f19 _gy-gencatlg |
||
| 942 |
_2lcc _cBK |
||
| 999 |
_c9823 _d9823 |
||